书目信息 |
| 题名: |
在参与中学习与行动
|
|
| 作者: | 陈向明 编著 | |
| 分册: | 下册 | |
| 出版信息: | 北京 教育科学出版社 2003 |
|
| 页数: | 330-651页 | |
| 开本: | 24cm | |
| 丛书名: | ||
| 单 册: | ||
| 中图分类: | C975 | |
| 科图分类: | ||
| 主题词: | 技术培训--方法 , 技术培训 | |
| 电子资源: | ||
| ISBN: | 7-5041-2427-3 | |
| 000 | 00857nam0 2200241 450 | |
| 001 | 002369705 | |
| 005 | 20070801101144.71 | |
| 010 | @a7-5041-2427-3@dCNY65.00(上下册) | |
| 100 | @a20030605d2003 emky0chiy50 ea | |
| 101 | 0 | @achi |
| 102 | @aCN@b110000 | |
| 105 | @aa z 000yy | |
| 200 | 1 | @a在参与中学习与行动@Azai can yu zhong xue xi yu xing dong@e参与式方法培训指南@h下册@f陈向明编著 |
| 210 | @a北京@c教育科学出版社@d2003 | |
| 215 | @a330-651页@c图@d24cm | |
| 330 | @a本书探讨了参与式的理论基础、基本原则、操作要求等,并介绍了210个参与式游戏和练习。 | |
| 510 | 1 | @aLearning and Acting in Participation@eA Training Guide for Participatory Approaches@zeng |
| 606 | 0 | @a技术培训@x方法 |
| 606 | 0 | @a技术培训 |
| 690 | @aC975@v4 | |
| 701 | 0 | @a陈向明@Achen xiang ming@c(女,@f1953~)@4编著 |
| 801 | 0 | @aCN@bNLC@c20070801 |
| 905 | @a10447@dC975@e60:2 | |
| 在参与中学习与行动:参与式方法培训指南.下册/陈向明编著.-北京:教育科学出版社,2003 |
| 330-651页:图;24cm |
| ISBN 7-5041-2427-3:CNY65.00(上下册) |
| 本书探讨了参与式的理论基础、基本原则、操作要求等,并介绍了210个参与式游戏和练习。 |
| ● |
| 相关链接 |
|
|
|
|
正题名:在参与中学习与行动
索取号:C975/60:2
 
预约/预借
| 序号 | 登录号 | 条形码 | 馆藏地/架位号 | 状态 | 备注 |
| 1 | 0784262 | 207842628 | 第一样本阅览室/ [索取号:C975/60:2] | 在馆 | |
| 2 | 0784263 | 207842637 | 第一借阅区/ [索取号:C975/60:2] | 在馆 | |
| 3 | 0784648 | 207846483 | 密集书库/ [索取号:C975/60:2] | 在馆 | |
| 4 | 0784862 | 207848622 | 教育系资料室/ [索取号:C975/60:2] | 在馆 |